000 01295nam a2200373 c 4500
999 _c48265
_d48265
001 48265
003 ES-MaCES
005 20170929133021.0
008 161003s2016 sp f 000 ||spa d
017 _aV 1824-2016
_bDL
020 _a9788491431404
040 _aES-MaCES
_bspa
_cES-MaCES
245 0 0 _aDerecho de la Seguridad Social
_cdirs., Remedios Roqueta Buj, Jesús García Ortega ; autores, Agís Dasilva, Monserrat ... [et al.]
250 _a5ª ed
260 _aValencia
_bTirant lo Blanch
_c2016
300 _a453 p.
_c24 cm
490 1 _aManuales
541 _cCompra
650 4 _aseguridad social
_927034
650 4 _alegislación de seguridad social
_929855
650 4 _arégimen universal de prestaciones
_930153
650 4 _aregímenes especiales de Seguridad Social
_931067
650 4 _aEspaña
_926964
650 4 _acampo de aplicación
_930263
650 4 _amanual
_929264
653 1 0 _aDerecho del trabajo y Seguridad Social
700 1 _aRoqueta Buj, Remedios
_edir.
_922614
700 1 _aGarcía Ortega, Jesús
_edir.
_913011
700 1 _aAgís Dasilva, Monserrat
_95634
775 0 _tDerecho de la Seguridad Social
_w(ES-MaCES)45195
830 0 _aManuales (Tirant lo Blanch (Firma))
_933478
902 _aLIB Libro
942 _2CES
_cBK
_h6.0.1.